000 00480nam a22001577a 4500
005 20260108155621.0
008 260108b |||||||| |||| 00| 0 eng d
020 _a978-81-8448-954-5
100 _aSEHGAL, VIRENDRA N.
245 _aSEXUALLY TRANSMITTED DISEASES
_bVENEREAL DISEASES
250 _a5TH ED
260 _aNEW DELHI
_bJAYPEE BROTHERS MEDICAL PUBLISHERS
_c2010
300 _a172P.
650 _a1.SEXUALLY TRANSMITTED DISEASES 2. VENEREAL DISEASES
942 _2lcc
_cBK
999 _c216434
_d216434